000 01546nam a2200397Ia 4500
001 sjds62724
003 sjds
005 20170615161249.0
008 890914t19891989onc j 000 1 eng c
010 _acn 89095452
020 _a1550370979 (pbk.) :
_c$4.95
020 _a9781550370973 (pbk.)
035 _a(OCoLC)20634485
040 _aCaOTU
_beng
_cNLC
_dIFA
_dUtOrBLW
041 1 _aspa
_heng
049 _aIFAA
099 _aSPA P j
999 _c17636
_d17636
999 _bSPA P j
100 1 _aMunsch, Robert N.,
_d1945-
_eauthor.
240 1 0 _aBoy in the drawer.
_lSpanish
245 1 3 _aEl muchacho en la gaveta /
_cpor Robert N. Munsch ; ilustraciones: Michael Martchenko ; [Shirley Langer: traduccion].
260 _aWillowdale, Ont. :
_bAnnick Press,
_cc1989
264 1 _aWillowdale, Ont. :
_bAnnick Press,
_c[1989]
264 4 _cc1989
300 _a25 unnumbered pages :
_bcolor illustrations ;
_c20 x 20 cm
336 _atext
_btxt
_2rdacontent
337 _aunmediated
_bn
_2rdamedia
338 _avolume
_bnc
_2rdacarrier
500 _aTranslation of: Boy in the drawer.
520 _aUn muchachito, singular y travieso, molesta mucho a una familia pero se desaparece cuando lo tratan con la bondad. [A strange and mischievous little boy causes a family a lot of trouble until he is "killed with kindness."]
526 0 _aAccelerated Reader
_bLG
_c2.7
_d0.5
_z6105SP
650 0 _aHumorous stories
_vJuvenile literature.
650 7 _aCuentos humorosos
_vLiteratura juvenil.
_2bidex
700 1 _aMartchenko, Michael,
_eillustrator.
942 _cBK